000 01049nam a2200241Ia 4500
003 Ost
005 20260507075412.0
008 260507s9999||||xx |||||||||||||| ||und||
020 _a1433204977
040 _cfsecg
041 _aara
082 _a600
100 _aعبد الحميد، طلعت أسعد
_eمؤلف
245 0 _aدليل مدير المبيعات الفعال :
_bكيف تدير عملياتك البيعية بكفاءة؟ /
_c طلعت أسعد عبد الحميد
260 _aالقاهرة:
_bدار الكتب المصرية,
_c2008
300 _a282 صفحة؛
_bإيضاحات ؛
_c25 سم
504 _aالمراجع ص.279
520 _aتعرف على المفاهيم الأولية في التسويق والترويج وصحح مهامك لتنجح، التعامل مع قوة العمل البيعية، الواجبات الإدارية لمدير المبيعات الفعال
653 _aأدارة المبيعات
653 _aالتسويق
653 _aالمبيعات
942 _cكتاب
999 _c44420
_d44420